<?xml version="1.0" encoding="UTF-8"?>
<record
    xmlns:xsi="http://www.w3.org/2001/XMLSchema-instance"
    xsi:schemaLocation="http://www.loc.gov/MARC21/slim http://www.loc.gov/standards/marcxml/schema/MARC21slim.xsd"
    xmlns="http://www.loc.gov/MARC21/slim">

  <leader>00391nam a22001577a 4500</leader>
  <datafield tag="020" ind1=" " ind2=" ">
    <subfield code="a">9780201311327</subfield>
  </datafield>
  <datafield tag="040" ind1=" " ind2=" ">
    <subfield code="c">Nust</subfield>
  </datafield>
  <datafield tag="082" ind1=" " ind2=" ">
    <subfield code="a">530</subfield>
    <subfield code="b">YOU'U</subfield>
  </datafield>
  <datafield tag="100" ind1=" " ind2=" ">
    <subfield code="a">Young</subfield>
    <subfield code="9">126963</subfield>
  </datafield>
  <datafield tag="110" ind1=" " ind2=" ">
    <subfield code="a">Freedman</subfield>
    <subfield code="9">126964</subfield>
  </datafield>
  <datafield tag="245" ind1=" " ind2=" ">
    <subfield code="a">University physics </subfield>
  </datafield>
  <datafield tag="250" ind1=" " ind2=" ">
    <subfield code="a">9th edition </subfield>
  </datafield>
  <datafield tag="260" ind1=" " ind2=" ">
    <subfield code="a">New York:</subfield>
    <subfield code="b">Addison Wesley publishers,</subfield>
    <subfield code="c">1996.</subfield>
  </datafield>
  <datafield tag="650" ind1=" " ind2=" ">
    <subfield code="a">University physics </subfield>
    <subfield code="9">64550</subfield>
  </datafield>
  <datafield tag="942" ind1=" " ind2=" ">
    <subfield code="2">ddc</subfield>
    <subfield code="c">BK</subfield>
  </datafield>
  <datafield tag="999" ind1=" " ind2=" ">
    <subfield code="c">612326</subfield>
    <subfield code="d">612326</subfield>
  </datafield>
  <datafield tag="952" ind1=" " ind2=" ">
    <subfield code="0">0</subfield>
    <subfield code="1">0</subfield>
    <subfield code="2">ddc</subfield>
    <subfield code="4">0</subfield>
    <subfield code="7">0</subfield>
    <subfield code="a">CEME</subfield>
    <subfield code="b">CEME</subfield>
    <subfield code="c">GEN</subfield>
    <subfield code="d">2024-11-19</subfield>
    <subfield code="l">0</subfield>
    <subfield code="o">530 YOU'U</subfield>
    <subfield code="p">CEME- 31991</subfield>
    <subfield code="r">2024-11-19</subfield>
    <subfield code="w">2024-11-19</subfield>
    <subfield code="y">BK</subfield>
  </datafield>
</record>
